| 000 | 00561nam a2200229 a 4500 | ||
|---|---|---|---|
| 999 |
_c8451 _d8451 |
||
| 001 | 8451 | ||
| 003 | BD-JhCC | ||
| 005 | 20180224192421.0 | ||
| 008 | 180224b1960 u |||| ||a| 000 0 eng d | ||
| 035 | _a(BD-JhCC) 8451 | ||
| 040 |
_aBD-JhCC _dBD-JhCC |
||
| 041 | _aeng | ||
| 082 |
_a796.54 _bHAZ 1960 |
||
| 100 | _aHazlewood, Rex | ||
| 245 |
_aThe Peacock Camping Book / _cRex Hazlewood |
||
| 260 |
_aAmerica : _bPenguin Books , _c1960 |
||
| 300 |
_a207 p .: _c17 cm . |
||
| 650 | _aCaping | ||
| 700 | _aJojhn Thurman | ||
| 942 |
_2ddc _cBK |
||